International production and the multinational enterprise
The book provides a comprehensive and detailed review of both the theoretical and policy issues at a time when the subject had reached a watershed, after the controversies of the 1970s; provides a balanced discussion of major themes such as the development of modern theories of international produc...
Đã lưu trong:
| Tác giả chính: | |
|---|---|
| Định dạng: | Sách |
| Ngôn ngữ: | Undetermined |
| Được phát hành: |
Boston
Allen & Unwin
1981
|
| Những chủ đề: | |
| Các nhãn: |
Thêm thẻ
Không có thẻ, Là người đầu tiên thẻ bản ghi này!
|
| Thư viện lưu trữ: | Trung tâm Học liệu Trường Đại học Cần Thơ |
|---|
| LEADER | 01107nam a2200193Ia 4500 | ||
|---|---|---|---|
| 001 | CTU_221709 | ||
| 008 | 210402s9999 xx 000 0 und d | ||
| 082 | |a 338.8 | ||
| 082 | |b D924 | ||
| 100 | |a Dunning, John H. | ||
| 245 | 0 | |a International production and the multinational enterprise | |
| 245 | 0 | |c John H. Dunning | |
| 260 | |a Boston | ||
| 260 | |b Allen & Unwin | ||
| 260 | |c 1981 | ||
| 520 | |a The book provides a comprehensive and detailed review of both the theoretical and policy issues at a time when the subject had reached a watershed, after the controversies of the 1970s; provides a balanced discussion of major themes such as the development of modern theories of international production; the impact of the MNE on the nation-state and the structure of the international market; the response of governments and the appropriate framework for policy measures; and the historical context and likely future of the MNE | ||
| 650 | |a International business enterprises,Doanh nghiệp kinh doanh quốc tế | ||
| 904 | |i Nguyên | ||
| 980 | |a Trung tâm Học liệu Trường Đại học Cần Thơ | ||